|
|
|
|
| LEADER |
00000nam0a2200000 4500 |
| 001 |
113901 |
| 005 |
20231101215146.0 |
| 035 |
|
|
|a (RuTPU)RU\TPU\book\123172
|
| 090 |
|
|
|a 113901
|
| 100 |
|
|
|a 20070417d1950 m y0rusy50 ca
|
| 101 |
1 |
|
|a rus
|c eng
|
| 102 |
|
|
|a RU
|
| 105 |
|
|
|a y j 000zy
|
| 200 |
1 |
|
|a Хрестоматия по американской литературе
|d An anthology of amerikan literature
|e учебное пособие для вузов
|f под ред. А. Аникста
|
| 210 |
|
|
|a Москва
|c Изд-во иностранной литературы
|d 1950
|
| 215 |
|
|
|a 520 с.
|
| 300 |
|
|
|a На анг. яз.
|
| 510 |
1 |
|
|a An anthology of amerikan literature
|z eng
|
| 606 |
|
|
|a Английский язык
|x Учебные руководства и пособия
|x Хрестоматии, книги для чтения
|2 stltpush
|3 (RuTPU)RU\TPU\subj\29075
|9 52487
|
| 610 |
1 |
|
|a американская литература
|
| 610 |
1 |
|
|a хрестоматии
|
| 610 |
1 |
|
|a книги для чтения
|
| 610 |
1 |
|
|a учебные пособия
|
| 686 |
|
|
|a Ш143.21-923.8
|v LBC/SL-A
|2 rubbk
|
| 702 |
|
1 |
|a Аникст
|b А.
|g Александр
|4 340
|
| 801 |
|
1 |
|a RU
|b 63413507
|c 20070417
|g PSBO
|
| 801 |
|
2 |
|a RU
|b 63413507
|c 20171019
|g PSBO
|
| 942 |
|
|
|c BK
|